000 00230 a2200097 4500
001 33836
100 _aMishra,R.C
245 _aGuidance & Counselling
260 _aNew Delhi
_bAPH Publishing Corporation
_c
090 _c22487
_d22487
942 _aNUST-CAE
_cM
_c13877
999 _c268909
_d268909